000 00361nam a22001217a 4500
082 _a220 PRO
100 _aNC ALI HAIDER NC ALI HAMEED KHAN
_970695
245 _aPR-SOF-1858-IDENTIFYING EXOPLANETS WITH DEEP LEARNING
260 _aISLAMABAD
_bNUST COLLEGE OF EME
_c2019
650 _aDE-COMP-37
_970696
700 _aSUPERVISOR DR. FARHAN HUSSAIN
942 _cCR
999 _c577600
_d577600